Statistiques concernant Pays d'origine des touristes en Indonésie

Cliquez ici pour prendre le quiz!

Statistiques générales

  • Ce quiz a été pris 52 fois
  • Le résultat moyen est 17 sur 20

Statistiques - réponses

Nombre de touristesPays% Correct
2 137 450Chine
100%
595 060Inde
100%
530 171Japon
100%
1 301 225Australie
98%
387 295Etats-Unis
98%
287 662France
98%
391 820Royaume Uni
96%
273 847Allemagne
93%
358 527Corée du Sud
93%
2 501 611Malaisie
93%
122 252Thaïlande
91%
125 697Russie
87%
1 768 598Singapour
87%
217 644Philippines
82%
128 308Nouvelle Zélande
78%
209 664Pays-Bas
67%
207 707Taïwan
64%
143 143Papouasie Nouvelle-Guinée
49%
165 895Arabie saoudite
47%
1 762 120Timor oriental
42%

Distribution des résultats

Percentile par nombre de réponses

% des personnes avec chaque résultat

Votre développement - résultats

Vous n’avez pas pris ce quiz